Letter "B" on a Movie Poster - Statistics

General Stats
  • This quiz has been taken 7 times
    3 since last reset
  • The average score is 5 of 16
Answer Stats
Picture Answer % Correct
Barbie
100%
Back to the Future
67%
Blade Runner
67%
The Incredibles
67%
Bambi
33%
Casablanca
33%
Fight Club
33%
Kill Bill
33%
Pirates of the Caribbean
33%
Beauty and the Beast
0%
Black Panther
0%
Inglourious Basterds
0%
The Bee Movie
0%
The Empire Strikes Back
0%
The Princess Bride
0%
There Will be Blood
0%
No matching quizzes found
Score Distribution
Percent of People with Each Score
Percentile by Number Answered
Your Score History
You have not taken this quiz since the last reset